Salibandyjoukkueet Miehet F-liiga - 2Div 25-26 - Statistics

Yleistilastot
  • Tätä visaa on pelattu 36 kertaa
  • Keskiarvotulos 41 / 128
Vastaustilastot
Sarja Joukkue % Oikein
F-liiga Oilers
100%
Suomisarja Oilers Akatemia
100%
F-liiga OLS
87%
F-liiga TPS
87%
F-liiga Classic
83%
F-liiga Indians
83%
2div ES Indians II
83%
F-liiga Eräviikingit
80%
F-liiga Jymy
73%
F-liiga SPV
73%
F-liiga KrP
70%
F-liiga LASB
67%
2div ES LoSB
67%
Suomisarja Welhot
67%
Suomisarja Blackbirds
63%
F-liiga Hawks
63%
Inssi-Divari Josba
63%
Suomisarja Josba Akatemia
63%
2div SK Josba II
63%
Inssi-Divari M-Team
63%
2div ES M-Team II
63%
2div SS Happee
60%
Inssi-Divari Karhut
60%
Suomisarja LNM
60%
Suomisarja Pelicans SB
60%
Inssi-Divari SaiPa
60%
2div KS SaiPa akatemia
60%
F-liiga FBC Turku
57%
2div LR FBC Turku Akatemia
57%
Inssi-Divari O2-Jyväskylä
57%
2div SS O2-Jyväskylä Akatemia
57%
Suomisarja PSS
57%
Suomisarja Ilves
53%
2div SS Ilves II
53%
Inssi-Divari Koovee
53%
Inssi-Divari Loviisan Tor
53%
Inssi-Divari Nibacos
53%
2div PM Nibacos II
53%
Inssi-Divari SalBa
53%
2div LR SalBa 2
53%
Suomisarja SB Vaasa
53%
Suomisarja ÅIF
50%
Suomisarja Papas
50%
Inssi-Divari Rangers
50%
Inssi-Divari Pirkat
47%
Suomisarja Into
43%
Inssi-Divari SBS Wirmo
40%
Inssi-Divari Tiikerit
40%
Suomisarja Voima
40%
2div LR SBS Masku
37%
Inssi-Divari SB Vantaa
37%
2div KS Sudet SB
37%
2div KS KoRe
33%
2div PS OFBC
33%
Suomisarja Sastamolo
33%
2div KS SB Heinola
33%
Suomisarja Steelers
33%
Suomisarja Merikoski SBT
30%
2div LR SB Naantali
30%
2div ES SB-Pro
30%
2div SS SC Luppo II
30%
Suomisarja Dynamo
27%
2div PS Dynamo Akatemia
27%
2div PS Popula
27%
Suomisarja PTU
27%
2div KS Top Team
27%
2div KS Kyljykset
23%
2div SK LeBa-96 OldBoys
23%
2div ES Loiske Kamikaze
23%
Suomisarja SC Wolves
23%
2div PM Blue Fox
20%
2div LR FoSu
20%
2div ES GrIFK
20%
2div KS Hatsina
20%
2div KS Jäppärä
20%
2div KS LA Lightning
20%
Suomisarja S.S. Storm
20%
2div ES Helsinki United
17%
2div KS SB Coyotes
17%
2div ES SB Kurkkumopo
17%
Suomisarja SCH
17%
2div SS TYPPEE
17%
2div SK KiPa-90
13%
2div PM Konnat
13%
2div SS KU-68
13%
Suomisarja Ruoska
13%
2div SS TFT
13%
2div ES ToTe
13%
2div LR Velehot
13%
2div PS KeLy
10%
2div SS SB Luja
10%
2div SS Soittorasia
10%
2div SK VarTa
10%
2div ES VSS
10%
2div SK Apassit
7%
2div SK IisKi
7%
2div SS LFT
7%
2div PS OVP
7%
2div PS SS Kanuuna
7%
2div PM Fyrry
3%
2div PM ISB
3%
2div PM Jalas
3%
2div PM Jeppis FBC
3%
2div SS KeihäsKruunat
3%
2div PM KuKu
3%
2div SS LV
3%
2div SK Pisaba
3%
2div ES PoRe
3%
2div PM RöVe
3%
2div SK SBS Jekku
3%
2div ES Ylämummo
3%
2div LR AFC Campus
0%
2div LR AjT
0%
2div PS HaBa
0%
2div ES IBK Tarkkanen
0%
2div PS KoskRi
0%
2div LR LaJy
0%
2div ES LIK
0%
2div SS MSM
0%
2div LR Ryhti
0%
2div LR Satabandy
0%
2div ES SB Allianssi
0%
2div PS SB Hurricane
0%
2div LR SBS Lieto 3
0%
2div ES SBS Modo
0%
2div PS TaTe
0%
2div SK TDy
0%
2div SS TiPa
0%
Ehtoja vastaavia visoja ei löytynyt
Tulosjakauma
Jokaisen tuloksen saaneiden osuus
Persentiili vastausten määrän mukaan
Tuloshistoriasi
Et ole pelannut tätä visaa